25 Bands on T - Statistics

General Stats
  • This quiz has been taken 18 times
    3 since last reset
  • The average score is 7 of 25
Answer Stats
Answer % Correct
Television
67%
the Temptations
67%
the The
67%
T.L.C
67%
Take That
33%
Talking Heads
33%
Talk Talk
33%
t.A.T.u.
33%
Tears for Fears
33%
Texas
33%
Them
33%
Thin Lizzy
33%
Toto
33%
Tramadolls
33%
Trampolene
33%
Travis
33%
Twisted Sister
33%
Type O Negative
33%
Ten Years After
0%
the Trammps
0%
the Troggs
0%
Traffic
0%
Traveling Wilburys
0%
T. Rex
0%
Triumph
0%
No matching quizzes found
Score Distribution
Percent of People with Each Score
Percentile by Number Answered
Your Score History
You have not taken this quiz since the last reset